Tagore the dramatist : (Record no. 137031)

MARC details
000 -LEADER
fixed length control field 01029nam a22002657a 4500
003 - CONTROL NUMBER IDENTIFIER
control field OSt
005 - DATE AND TIME OF LATEST TRANSACTION
control field 20170124110313.0
008 - FIXED-LENGTH DATA ELEMENTS--GENERAL INFORMATION
fixed length control field 160907b xxu||||| |||| 00| 0 eng d
010 ## - LIBRARY OF CONGRESS CONTROL NUMBER
LC control number B-041099
020 ## - INTERNATIONAL STANDARD BOOK NUMBER
International Standard Book Number 8176461520(set)
Terms of availability 600.00
035 ## - SYSTEM CONTROL NUMBER
System control number B-041099
037 ## - SOURCE OF ACQUISITION
Source of stock number/acquisition Cen Lib / Ret
040 ## - CATALOGING SOURCE
Original cataloging agency DPL
Language of cataloging EN
Transcribing agency TIT
082 ## - DEWEY DECIMAL CLASSIFICATION NUMBER
Classification number 863.208
Item number CHA
100 ## - MAIN ENTRY--PERSONAL NAME
Personal name Chakraverty, Bishweshwar
9 (RLIN) 143386
245 ## - TITLE STATEMENT
Title Tagore the dramatist :
Remainder of title a critical study /
Statement of responsibility, etc by Bishweshwar Chakraverty
260 ## - PUBLICATION, DISTRIBUTION, ETC. (IMPRINT)
Place of publication, distribution, etc Delhi
Name of publisher, distributor, etc B.R. Publishing Corporation
Date of publication, distribution, etc 2000
270 ## - ADDRESS
Address 3779, 1st Floor Kanhaiya Nagar Tri Nagar
City Delhi
300 ## - PHYSICAL DESCRIPTION
Extent (v 1. 264p ; v 3. 370 ; v 4. 192)
Dimensions 27cm(Hb)
505 ## - FORMATTED CONTENTS NOTE
Formatted contents note v 1. Musical Verse and Poetic Drama ; v 3. Symbolic Drama ; v 4. Nature and dance drama
650 ## - SUBJECT ADDED ENTRY--TOPICAL TERM
Topical term or geographic name as entry element Tagore, Rabindranath, -- 1861-1941 -- Criticism and interpretation.
9 (RLIN) 143387
650 ## - SUBJECT ADDED ENTRY--TOPICAL TERM
Topical term or geographic name as entry element Bengali drama -- History and criticism.
9 (RLIN) 143388
650 ## - SUBJECT ADDED ENTRY--TOPICAL TERM
Topical term or geographic name as entry element Tagore, Rabindranath, -- 1861-1941
9 (RLIN) 143389
942 ## - ADDED ENTRY ELEMENTS (KOHA)
Source of classification or shelving scheme Dewey Decimal Classification
Koha item type English Books
Classification part 863.208
Call number suffix CHA
Holdings
Withdrawn status Lost status Source of classification or shelving scheme Materials specified (bound volume or other part) Damaged status Not for loan Home library Current library Date acquired Source of acquisition Cost, normal purchase price Total Checkouts Full call number Barcode Date last seen Copy number Cost, replacement price Price effective from Koha item type
    Dewey Decimal Classification v 1     Central Library Central Library 14/03/2016 Cen Lib/Ret 600.00   863.208 CHA B-041099 14/03/2016 1 600.00 14/03/2016 English Books
      v 3     Central Library Central Library 15/03/2016 Cen Lib/Ret 800.00   863.208 CHA B-041101 15/03/2016 1 800.00 15/03/2016 English Books
      v 4     Central Library Central Library 15/03/2016 Cen Lib/Ret 800.00   863.208 CHA B-041102 15/03/2016 1 800.00 15/03/2016 English Books

© Delhi Public Library
Hit Counter
free hit counter